| 000 | 00416pab a2200169 454500 | ||
|---|---|---|---|
| 008 | 180718b2012 xxu||||| |||| 00| 0 eng d | ||
| 100 | _aSingh, Manoj | ||
| 245 | _aInfrastructure investment in the eleventh plan and prospects | ||
| 260 | _c2012 | ||
| 300 | _ap. 41-44. | ||
| 362 | _aJan | ||
| 650 | _aEleventh plan | ||
| 650 | _aInfrastructure development | ||
| 773 | _aYojana | ||
| 908 | _aN | ||
| 909 | _a94238 | ||
| 999 |
_c94238 _d94238 |
||